SHOW TIME 2 - The Art of Exhibition: The Art of Exhibition (Record no. 13642)
[ view plain ]
| 000 -LEADER | |
|---|---|
| fixed length control field | 00271 a2200097 4500 |
| 020 ## - INTERNATIONAL STANDARD BOOK NUMBER | |
| International Standard Book Number | 9789881383426 |
| 100 ## - MAIN ENTRY--PERSONAL NAME | |
| Personal name | Sendpoints Publishing Co. Ltd. |
| 245 ## - TITLE STATEMENT | |
| Title | SHOW TIME 2 - The Art of Exhibition: The Art of Exhibition |
| 250 ## - EDITION STATEMENT | |
| Edition statement | New edition |
| 260 ## - PUBLICATION, DISTRIBUTION, ETC. | |
| Name of publisher, distributor, etc. | Sendpoints |
| Date of publication, distribution, etc. | 2014 |
| Withdrawn status | Lost status | Source of classification or shelving scheme | Damaged status | Not for loan | Permanent Location | Current Location | Date acquired | Source of acquisition | Cost, normal purchase price | Barcode | Date last seen | Cost, replacement price | Price effective from | Koha item type |
|---|---|---|---|---|---|---|---|---|---|---|---|---|---|---|
| BMS College of Architecture, Design and Planning | BMS College of Architecture, Design and Planning | 2025-09-12 | 10 | 3055.50 | AR-UG4458 | 2025-09-12 | 4365.00 | 2025-09-12 | UG Books |